| 000 | 01159nam a2200325Ia 4500 | ||
|---|---|---|---|
| 001 | Z_7080 | ||
| 003 | CHAP | ||
| 005 | 20230330145031.0 | ||
| 008 | 220113s2018 xx 000 0 und d | ||
| 010 | _a170353 | ||
| 040 | _cCHAP | ||
| 090 | _aTesis D47 2645 | ||
| 100 |
_aDervisseau, Marie Waldjana _9146711 |
||
| 245 |
_aCalidad nutrimental de pulpa de cítricos de diferentes especies y procedencias en México y Haití / _cMarie Waldjana Deruisseau |
||
| 260 |
_aMéxico : _bEl autor, _c2018 |
||
| 300 | _aCD | ||
| 502 | _aTesis (Maestro en Ciencias en Innovación Ganadera) -- UACh, 2018 \ Dirección: Alejandro Lara Bueno; asesoría; Maximino Huerta Bravo y Rodolfo Ramirez Valverde | ||
| 650 |
_aComposición química _9145200 |
||
| 650 |
_aDigestibilidad _9144243 |
||
| 650 |
_aMinerales _9145196 |
||
| 700 |
_a Huerta Bravo, Maximino, asesor _9137843 |
||
| 700 | _a Ramírez Valverde, Rodolfo, asesor | ||
| 700 |
_aLara Bueno, Alejandro, director _9145826 |
||
| 856 | 4 | 2 |
_uhttp://10.13.5.2/tesis/sist114731.pdf _yDescargar PDF |
| 901 | _aTESIS D47 2645 | ||
| 902 | _aA | ||
| 910 | _a2018 | ||
| 942 |
_c2 _2ddc |
||
| 942 |
_c2 _2ddc |
||
| 999 |
_c170353 _d170353 |
||